100 prénoms masculins les plus populaires au Québec - 2010 - Statistiques

Statistiques générales
  • Ce quiz a été pris 19 fois
  • Le résultat moyen est 46 sur 100
Statistiques - réponses
Réponse % Correct
Alex
89%
Antoine
89%
Jeremy
89%
Léo
89%
Nicolas
89%
Thomas
89%
William
89%
Alexandre
78%
Alexis
78%
Benjamin
78%
Charles
78%
Louis
78%
Maxim
78%
Samuel
78%
Théo
78%
Victor
78%
Xavier
78%
Anthony
67%
Damien
67%
Hugo
67%
Julien
67%
Luca
67%
Lucas
67%
Lukas
67%
Mathieu
67%
Nathan
67%
Noah
67%
Olivier
67%
Philippe
67%
Simon
67%
David
56%
Éli
56%
Eloi
56%
Félix
56%
Gabriel
56%
Isaac
56%
Justin
56%
Laurent
56%
Liam
56%
Maxime
56%
Raphaël
56%
Vincent
56%
Zachary
56%
Arnaud
44%
Arthur
44%
Christopher
44%
Dylan
44%
Édouard
44%
Eliot
44%
Elliot
44%
Ethan
44%
Henri
44%
Jacob
44%
Ludovic
44%
Mathias
44%
Matteo
44%
Rémi
44%
Caleb
33%
Cédric
33%
Daniel
33%
Étienne
33%
Evan
33%
Guillaume
33%
James
33%
Joseph
33%
Joshua
33%
Loïc
33%
Louka
33%
Matthew
33%
Michaël
33%
Ryan
33%
Tommy
33%
Tristan
33%
Zack
33%
Adam
22%
Derek
22%
Edward
22%
Eliott
22%
Émile
22%
Jayden
22%
Jonathan
22%
Jordan
22%
Logan
22%
Malik
22%
Mikaël
22%
Nathaniel
22%
Rafaël
22%
Rayan
22%
Alexander
11%
Ali
11%
Emrick
11%
Loïk
11%
Luka
11%
Zackary
11%
Alexy
0%
Brandon
0%
Charles-Antoine
0%
Mathys
0%
Youssef
0%
Zakary
0%
Aucun quiz correspondant
Distribution des résultats
% des personnes avec chaque résultat
Percentile par nombre de réponses
Votre historique - résultats
Vous n’avez pas pris ce quiz